000 00838nam a2200229 i 4500
001 181326
003 ES-MaACL
005 20230906221331.0
008 121210s2009 sp | |||||||| | spa d
020 _a978-84-92711-33-8
080 _a821.134.2 Jiménez, Diego Jesús 1.07
100 1 _aMartínez Ruiz, Florencio.
_978387
245 1 0 _aLeer y entender la poesía de Diego Jesús Jiménez :
_b(crónicas, críticas y notas de mi agenda periodística) /
_cFlorencio Martínez Ruiz.
260 _aCuenca :
_bDiputación Provincial de Cuenca,
_cD.L. 2009.
300 _a237 p. :
_bil. ;
_c20 cm.
490 1 _aColección Atalaya ;
_vn. 29
504 _aBibliografía: p. 27-36.
600 1 4 _aJiménez, Diego Jesús.
_966400
830 0 _aColección Atalaya ;
_vn. 29
_9191431
852 _aES-MaACL
_jN-5374
999 _c181326
_d181326